Šarapata-rapata

Podrobná bibliografia
Hlavný autor: Nociar, Alojz, 1948- (Autor)
Ďalší autori: Kolembusová-Buhajová, Oľga (gup)
Médium: Článok
Jazyk:slovenčina
Predmet:

MARC

LEADER 00000nab a2200000 a 4500
001 vtls000226679
003 SK-MaSNL
005 20260302212958.0
008 111130c1986 xo 0 slo
015 |a SNBRB19rr/mm-uuuuu 
035 |a CL0236793 
040 |a SNKBUCL  |b slo  |c SNKBUCL  |e AACR2 
041 0 |a slo 
044 |a xo  |c SK 
080 |a 885.4-3(087.5)  |2 1981 
100 1 |a Nociar, Alojz,  |d 1948-  |4 aut  |9 189001 
245 1 0 |a Šarapata-rapata  |c Alojz Nociar ; Oľga Kolembusová-Buhajová 
650 0 7 |a rozprávky autorské  |2 snkbucl  |9 315429 
655 7 |a články z novín a časopisov  |2 snkbucl  |9 267496 
700 1 |a Kolembusová-Buhajová, Oľga  |4 gup  |9 938346 
773 0 |t Ohník  |g Roč. 38, č. 2 (1985/1986), s. 5 
850 |a Slovenská národná knižnica v Martine  |a MTA001 
852 |a SNK  |b KIS3GCP 
958 |a RK 
992 |a RBX 
999 |c 1491504  |d 1493434